Prolactinomas /

Bibliographic Details
Other Authors: Olefsky, Jerrold M., Robbins, Richard J., 1948-
Format: Book
Language:English
Published: New York : Churchill Livingstone, 1986.
Series:Contemporary issues in endocrinology and metabolism ; v. 2.
Subjects:

MARC

Tag First Indicator Second Indicator Subfields
LEADER 00000pam a2200000 a 4500
001 in00000425721
005 20151012061044.0
008 850930s1986 nyua b 00100 eng d
010 |a  85025326  
020 |a 0443084068 
035 |a (OCoLC)12723828 
035 |9 ABV4595AM 
039 0 |a 2  |b 3  |c 3  |d 3  |e 3 
040 |a DNLM/DLC  |c DLC  |d TXA  |d UtOrBLW 
049 |a TXAM  |v 2 [A09309385] 
050 1 0 |a RC280.P5  |b P767 1986 
060 0 |a W1 CO769MQN v. 2  |a WK 585 P9637 
082 0 |a 616.99/247  |2 19 
245 0 0 |a Prolactinomas /  |c edited by Jerrold M. Olefsky, Richard J. Robbins. 
264 1 |a New York :  |b Churchill Livingstone,  |c 1986. 
300 |a ix, 230 pages :  |b illustrations ;  |c 25 cm. 
336 |a text  |b txt  |2 rdacontent 
337 |a unmediated  |b n  |2 rdamedia 
338 |a volume  |b nc  |2 rdacarrier 
490 1 |a Contemporary issues in endocrinology and metabolism ;  |v v. 2 
504 |a Includes bibliographies and index. 
650 0 |a Prolactinoma. 
650 2 |a Pituitary Neoplasms  |x secretion. 
650 2 |a Pituitary Neoplasms  |x therapy. 
650 2 |a Prolactin  |x secretion. 
700 1 |a Olefsky, Jerrold M. 
700 1 |a Robbins, Richard J.,  |d 1948- 
830 0 |a Contemporary issues in endocrinology and metabolism ;  |v v. 2. 
999 |a MARS 
999 f f |s 33dce01e-e3d9-30b2-b30a-ef79c176a866  |i 12dc5182-827b-35fa-934a-3f4acf130c01  |t 0 
952 f f |p ric  |a Texas A&M University  |b Rellis Campus  |c Joint Library Facility  |d Remote Storage  |t 0  |e RC280.P5 P767 1986  |h Library of Congress classification  |i unmediated -- volume  |k v.2  |m A14809309385 
998 f f |a RC280.P5 P767 1986  |s v.2  |t 0  |l Remote Storage